|
|
|
|
| LEADER |
00000cam a2200000 a 4500 |
| 001 |
vtls010283139 |
| 003 |
SK-MaSNL |
| 005 |
20260301031818.0 |
| 008 |
180809s2010 xo da e n 000 0 slo |
| 015 |
|
|
|a SNBA2016/07
|
| 020 |
|
|
|a 9788055402574
|q (viaz.)
|
| 035 |
|
|
|a 25F48F93-B77F-4347-98DB-F79DF59ACB37
|
| 035 |
|
|
|a urn:nbn:sk:snk-amlp3f
|
| 035 |
|
|
|a urn:nbn:sk:snk-am00bvan
|
| 040 |
|
|
|a SNK
|b slo
|c SNK
|e AACR2
|
| 041 |
0 |
|
|a slo
|b eng
|
| 044 |
|
|
|a xo
|c SK
|
| 072 |
|
7 |
|a 629
|x Dopravné prostriedky
|2 konspekt
|
| 072 |
|
7 |
|a 621.39
|x Oznamovacia technika
|2 konspekt
|
| 080 |
|
|
|a 629.7
|2 2011
|
| 080 |
|
|
|a 629.05
|2 2011
|
| 080 |
|
|
|a (048.8)
|2 2011
|
| 080 |
|
|
|a 621.396.962
|2 2011
|
| 100 |
1 |
|
|a Novák, Andrej,
|d 1974-
|4 aut
|9 209803
|
| 245 |
1 |
0 |
|a Monitorovanie navigačných a sledovacích systémov
|c Andrej Novák, Ivan Ferencz, Karel Havel
|
| 250 |
|
|
|a 1. vyd.
|
| 260 |
|
|
|a V Žiline
|b Žilinská univerzita
|a Medvedzie
|b Bereta
|c 2010
|
| 366 |
|
|
|e 100 výt.
|
| 490 |
1 |
|
|a Vysokoškolské učebnice
|
| 504 |
|
|
|a Bibliogr.: s. 215-216
|
| 546 |
|
|
|a Čiastoč. text v angl.
|
| 650 |
0 |
7 |
|a letectvo
|2 SNKPH
|9 23632
|
| 650 |
0 |
7 |
|a navigačná technika
|x monitorovanie
|2 SNKPH
|9 327953
|
| 650 |
0 |
7 |
|a Aviation
|2 SNKPHeng
|9 265900
|
| 650 |
0 |
7 |
|a radary
|x monitorovanie
|2 SNKPH
|9 327954
|
| 650 |
0 |
7 |
|a Radars
|x monitoring
|2 SNKPHeng
|9 327955
|
| 650 |
0 |
7 |
|a Navigation technology
|x monitoring
|2 SNKPHeng
|9 327956
|
| 655 |
|
7 |
|a učebnice vysokých škôl
|2 SNKPH
|9 70191
|
| 655 |
|
7 |
|a Textbooks (higher)
|2 SNKPHeng
|9 276436
|
| 700 |
1 |
|
|a Ferencz, Ivan
|4 aut
|9 327957
|
| 700 |
1 |
|
|a Havel, Karel,
|d 1944-
|4 aut
|9 7484
|
| 752 |
|
|
|a Slovensko
|d Žilina
|
| 810 |
2 |
|
|a Žilinská univerzita v Žiline
|t Vysokoškolské učebnice
|9 176451
|
| 852 |
|
|
|a Štátna vedecká knižnica v Banskej Bystrici
|
| 919 |
|
|
|a 978-80-554-0257-4
|
| 958 |
|
|
|a NB
|
| 999 |
|
|
|c 577359
|d 579289
|
| 952 |
|
|
|a SNK
|b SNK
|y PREZ
|7 0
|p 17A1198521
|o snkSC 170398
|i snk2016/15744
|8 0
|0 0
|1 0
|4 0
|d 2016-06-16
|f 1
|l 0
|r 2025-09-08 00:00:00
|w 2026-02-23
|
| 952 |
|
|
|a SNK
|b SNK
|y VYP
|7 0
|p 17A1198522
|o snkSC 170398 D1
|i snk2016/15745
|8 0
|0 0
|1 0
|4 0
|d 2016-06-16
|l 0
|r 2026-02-23 14:38:02
|w 2026-02-23
|